000 00664nam a2200241Ia 4500
005 20260429111925.0
008 260429s9999||||xx |||||||||||||| ||und||
020 _a9788119139415
041 _aEnglish
082 _a939
_bHRO
100 _aHrozny, Bedrich
245 0 _aAncient history of western Asia, India and Crete /
_cBedrich Hrozny
250 _a1st ed.
260 _aNew Delhi :
_bManohar Publishers and Distributors,
_c2024.
300 _axv, 262 p.; hb
650 _a Civilization studies
650 _a Crete
650 _a India
650 _a Western Asia
650 _aAncient history
700 _a Prochazka, Jindrich
942 _cTB
999 _c51450
_d51450